Deutsche Bundesländer nach den ersten beiden Buchstaben - Statistiken

Allgemein
  • Dieses Quiz wurde 209 mal gespielt
  • Das Durchschnittsergebnis liegt bei 11 aus 16
Antworten auf der Karte
Die Antworten werden auf der Karte rot bzw. grün angezeigt, abhängig davon wie oft sie richtig erraten wurden.
 
Antwortstatistiken
Bundesland % Korrekt
Baden-Württemberg
84%
Bayern
84%
Brandenburg
81%
Bremen
81%
Saarland
77%
Sachsen
77%
Sachsen-Anhalt
77%
Berlin
76%
Niedersachsen
73%
Nordrhein-Westfalen
72%
Hamburg
71%
Schleswig-Holstein
69%
Hessen
61%
Mecklenburg-Vorpommern
56%
Thüringen
49%
Rheinland-Pfalz
45%
Keine übereinstimmenden Quizze gefunden
Verteilung der Resultate
Anzahl Personen mit jedem Resultat
Perzentil nach korrekt beantworteten Fragen
Ihre Resultats-Entwicklung
Sie haben dieses Quiz noch nicht gespielt